Forest products and wood science: : an introduction/

Bibliographic Details
Main Author: Haygreen, John G., , 1930-
Other Authors: Bowyer, Jim L., , 1942-
Format: Book
Published: Ames : : Iowa State University Press, , 1996.
Edition:3 rd ed.
Subjects:

MARC

LEADER 00000cam a2200000 7i4500
001 0000003131
005 20050216.0
020 0 0 |a 0813822564 
090 0 0 |a 674   |b JGH 1996 
100 1 0 |a Haygreen, John G., ,   |d 1930- 
245 1 0 |a Forest products and wood science: :   |b an introduction/   |c John G. Haygreen and Jim L. Bowyer ; drawings by Karen Lilley. 
250 0 0 |a 3 rd ed. 
260 0 0 |a Ames : :   |b Iowa State University Press, ,   |c 1996. 
300 |a xv, 484 p.: :   |b ill., maps ; ;   |c 1996. 
650 0 0 |a Forest - wood 
700 1 1 |a Bowyer, Jim L., ,   |d 1942- 
999 |a 0000005591   |b Monograph   |c Open Shelf   |e Default branch